| 000 | 00776pam a2200229 a 4500 | ||
|---|---|---|---|
| 001 | 3543900 | ||
| 005 | 20180223081141.0 | ||
| 008 | 970703s1998 ilua b 000 0 eng | ||
| 010 | _a 97029506 | ||
| 020 | _a1567930689 (pbk.) | ||
| 040 |
_aDLC _cDLC _dDLC |
||
| 041 | _aeng | ||
| 080 | _a362.1068 ZUC | ||
| 082 | 0 | 0 |
_a362.1068 ZUC _221 |
| 100 | 1 | _a3 | |
| 101 | _aSHM | ||
| 245 | 1 | 0 |
_aHealthcare strategic planning : _cAlan M. Zuckerman. |
| 504 | _aIncludes bibliographical references. | ||
| 906 |
_a7 _bcbc _corignew _d1 _eocip _f19 _gy-gencatlg |
||
| 942 |
_2ddc _cBK |
||
| 999 |
_c43293 _d43293 |
||